| 000 | 00468cam a2200181ua 4500 | ||
|---|---|---|---|
| 020 | _c165.00 | ||
| 041 |
_aeng _h |
||
| 082 |
_a633.0853 _bCHO/GE |
||
| 100 | _aChopra, V L . | ||
| 245 |
_aGenetic manipulation for crop improvment / _cV L Chopra. _hTextual Documents |
||
| 250 |
_a1 / _b. |
||
| 260 |
_aNew Delhi : _bOxford & IBH Publishing company , _c1985. |
||
| 300 | _a326 ; . | ||
| 365 | _a165.00 | ||
| 504 | _a | ||
| 942 | _cBK | ||
| 999 |
_c7383 _d7383 |
||